[Event "D-Klasse 2009 (D68-2)"]
[Site "Berlin-Weißensee"]
[Date "2009.05.20"]
[Round "1.2"]
[White "Denkert, Robert"]
[Black "Ritter, Eberhard"]
[Result "0-1"]
[WhiteElo "737"]
[BlackElo "1572"]
[PlyCount "88"]
[EventDate "2009.05.20"]

1. e4 e5 2. Nf3 Nc6 3. Bc4 Nf6 4. Nc3 Nxe4 5. Nxe4 d5 6. Bd3 dxe4 7. Bxe4 Bd7
8. d4 exd4 9. Nxd4 Qe7 10. Qd3 O-O-O 11. O-O Nxd4 12. Qxd4 Bb5 13. Bf5+ Kb8 14.
Qe3 Bxf1 15. Kxf1 Rd1+ 16. Ke2 Qd8 17. Bd3 Rh1 18. h3 Bb4 19. c3 Re8 20. cxb4
Rxe3+ 21. Kxe3 Qg5+ 22. Kf3 Rxc1 23. Rxc1 Qxc1 24. Bxh7 Qxb2 25. Bg8 Qxa2 26.
g4 Qb3+ 27. Kg2 Qe6 28. f4 Qf6 29. f5 g6 30. fxg6 Qxg6 31. Bxf7 Qxf7 32. h4 Kc8
33. h5 Kd8 34. Kh3 Qf6 35. Kg3 Ke8 36. Kh3 Kf8 37. Kg3 Kg7 38. Kh3 Kh6 39. Kg3
Kg5 40. Kh3 Kf4 41. Kh2 Kxg4 42. h6 Kf3 43. Kg1 Qb2 44. h7 Qg2# 0-1

[Event "D-Klasse 2009 (D68-2)"]
[Site "Berlin-Weißensee"]
[Date "2009.05.20"]
[Round "1.3"]
[White "Fartmann, Oliver"]
[Black "Kantusch, Tobias"]
[Result "1-0"]
[WhiteElo "1035"]
[BlackElo "863"]
[PlyCount "77"]
[EventDate "2009.05.20"]

1. d4 d5 2. c4 Nf6 3. cxd5 Nxd5 4. Nf3 Nc6 5. e4 Nf6 6. Nc3 Bg4 7. Be3 Bh5 8.
Bc4 h6 9. d5 Ne5 10. Qa4+ Ned7 11. Ne5 g6 12. f3 g5 13. O-O Bg7 14. Bb5 O-O 15.
Nxd7 Nxd7 16. Bxd7 Bg6 17. Bh3 a6 18. Bd4 b5 19. Qd1 b4 20. Bxg7 Kxg7 21. Ne2
Kg8 22. Rc1 Qd6 23. Rc6 Qe5 24. Qd4 Qxd4+ 25. Nxd4 Ra7 26. Rfc1 e5 27. dxe6 Rd8
28. exf7+ Bxf7 29. Ne6 Rd2 30. Rxc7 Rxc7 31. Rxc7 Rd1+ 32. Kf2 Rd2+ 33. Ke3
Rxb2 34. Rc8+ Kh7 35. Bf5+ Bg6 36. Rc7+ Kh8 37. Bxg6 Rc2 38. Rxc2 Kg8 39. Rc8#
1-0

[Event "D-Klasse 2009 (D68-2)"]
[Site "Berlin-Weißensee"]
[Date "2009.05.21"]
[Round "2.2"]
[White "Friedrich, Robert"]
[Black "Fartmann, Oliver"]
[Result "1-0"]
[WhiteElo "1084"]
[BlackElo "1425"]
[PlyCount "65"]
[EventDate "2009.05.20"]

1. e4 c6 2. Nc3 d5 3. d4 dxe4 4. Nxe4 Bf5 5. Nc3 e6 6. Nf3 Bd6 7. Bc4 Nd7 8.
O-O Ngf6 9. Bg5 Qc7 10. Re1 O-O 11. a3 h6 12. Bh4 Nb6 13. Bd3 Bxd3 14. Qxd3
Nfd5 15. Nxd5 cxd5 16. Rac1 Nc4 17. b4 a5 18. Rb1 Nxa3 19. Qxa3 Bxb4 20. Rxb4
axb4 21. Qxb4 Ra2 22. Bg3 Qc6 23. Ne5 Qc8 24. c4 Rd8 25. Bh4 g5 26. Bg3 dxc4
27. Qxc4 Qxc4 28. Nxc4 Rxd4 29. Nd6 Rb2 30. Be5 Re2 31. Kf1 Rxe1+ 32. Kxe1 Re4+
33. Nxe4 1-0

[Event "D-Klasse 2009 (D68-2)"]
[Site "Berlin-Weißensee"]
[Date "2009.05.21"]
[Round "2.3"]
[White "Kuschela, Michel"]
[Black "Denkert, Robert"]
[Result "0-1"]
[WhiteElo "1266"]
[BlackElo "1083"]
[PlyCount "34"]
[EventDate "2009.05.20"]

1. e4 e5 2. Nf3 Nc6 3. d4 exd4 4. Nxd4 Bc5 5. Be3 Qf6 6. c3 Qe5 7. Nxc6 dxc6 8.
Bxc5 Qxc5 9. Qd4 Qg5 10. Nd2 c5 11. Qd5 Qxd5 12. exd5 Nf6 13. c4 O-O 14. O-O-O
Bf5 15. Re1 Rfe8 16. Re3 Ng4 17. Rf3 Re1# 0-1

[Event "D-Klasse 2009 (D68-2)"]
[Site "Berlin-Weißensee"]
[Date "2009.05.21"]
[Round "2.4"]
[White "Kantusch, Tobias"]
[Black "Petersen, Marcel"]
[Result "1-0"]
[WhiteElo "863"]
[BlackElo "937"]
[PlyCount "25"]
[EventDate "2009.05.20"]

1. e4 e5 2. Nf3 Nc6 3. d4 exd4 4. Nxd4 Nxd4 5. Qxd4 Nf6 6. e5 Nh5 7. Be2 g6 8.
e6 Rg8 9. exf7+ Kxf7 10. Bc4+ Ke8 11. Bxg8 c5 12. Qc4 d6 13. Qf7# 1-0

[Event "D-Klasse 2009 (D68-2)"]
[Site "Berlin-Weißensee"]
[Date "2009.05.21"]
[Round "3.2"]
[White "Ritter, Eberhard"]
[Black "Kuschela, Michel"]
[Result "0-1"]
[WhiteElo "1572"]
[BlackElo "1266"]
[PlyCount "44"]
[EventDate "2009.05.20"]

1. f4 d5 2. Nf3 Nc6 3. e3 e5 4. Bb5 Bd6 5. Bxc6+ bxc6 6. fxe5 Bc5 7. d4 Bb6 8.
O-O f6 9. Bd2 c5 10. c3 cxd4 11. exd4 fxe5 12. Nxe5 Nf6 13. Bg5 O-O 14. Nd2 c5
15. Ndf3 Qd6 16. Rc1 Ng4 17. Qd2 Nxe5 18. Nxe5 Ba6 19. Rf2 Rxf2 20. Qxf2 Rf8
21. Qh4 cxd4 22. cxd4 Qxe5 0-1

[Event "D-Klasse 2009 (D68-2)"]
[Site "Berlin-Weißensee"]
[Date "2009.05.21"]
[Round "3.4"]
[White "Denkert, Robert"]
[Black "Kantusch, Tobias"]
[Result "1-0"]
[WhiteElo "1083"]
[BlackElo "863"]
[PlyCount "31"]
[EventDate "2009.05.20"]

1. e4 e5 2. Nf3 Nc6 3. Bc4 Bc5 4. c3 Nf6 5. d4 exd4 6. cxd4 Bb4+ 7. Nc3 Nxe4 8.
O-O Nxc3 9. bxc3 Bxc3 10. Ba3 Nb4 11. Rc1 b5 12. Bb3 a5 13. Rxc3 a4 14. Bxb4
axb3 15. Qe2+ Qe7 16. Qxe7# 1-0

[Event "D-Klasse 2009 (D68-2)"]
[Site "Berlin-Weißensee"]
[Date "2009.05.22"]
[Round "4.2"]
[White "Fartmann, Oliver"]
[Black "Petersen, Marcel"]
[Result "1-0"]
[WhiteElo "1425"]
[BlackElo "937"]
[PlyCount "105"]
[EventDate "2009.05.20"]

1. d4 d5 2. c4 dxc4 3. e3 Nc6 4. Bxc4 Nf6 5. Nf3 Bg4 6. Qb3 e6 7. Qxb7 Nb4 8.
Qb5+ Qd7 9. Qxd7+ Kxd7 10. Ne5+ Ke8 11. Bb3 Bh5 12. Bd2 Rd8 13. O-O Ne4 14.
Bxb4 Bxb4 15. Ba4+ Kf8 16. Nc6 Rd6 17. Nxb4 Rb6 18. Nc2 Rxb2 19. f3 Ng5 20. h4
Bg6 21. Rc1 Ne4 22. fxe4 Bxe4 23. Nc3 Ba8 24. Rab1 Rxb1 25. Rxb1 Ke7 26. e4 f5
27. exf5 exf5 28. Re1+ Kf6 29. Bb3 g5 30. Re6+ Kg7 31. hxg5 h5 32. gxh6+ Rxh6
33. Rxh6 Kxh6 34. Bd5 Bxd5 35. Nxd5 Kg5 36. Kf2 Kg4 37. Nce3+ Kg5 38. Nxc7 f4
39. Ne6+ Kf6 40. Nxf4 a5 41. g4 a4 42. a3 Kg5 43. Kf3 Kf6 44. Ke4 Kg5 45. d5
Kf6 46. d6 Kf7 47. g5 Ke8 48. g6 Kf8 49. Nf5 Ke8 50. g7 Kf7 51. d7 Kg8 52.
d8=Q+ Kh7 53. Qh8# 1-0

[Event "D-Klasse 2009 (D68-2)"]
[Site "Berlin-Weißensee"]
[Date "2009.05.22"]
[Round "4.3"]
[White "Kantusch, Tobias"]
[Black "Ritter, Eberhard"]
[Result "0-1"]
[WhiteElo "863"]
[BlackElo "1572"]
[PlyCount "114"]
[EventDate "2009.05.20"]

1. e4 e5 2. Nf3 Nc6 3. d4 exd4 4. Nxd4 Qh4 5. Nc3 Bb4 6. Bd2 Nxd4 7. Ne2 Bxd2+
8. Qxd2 Nxe2 9. Bxe2 Qxe4 10. f3 Qe5 11. O-O-O Ne7 12. Kb1 O-O 13. f4 Qf6 14.
g4 Ng6 15. Rdf1 Re8 16. g5 Qe6 17. f5 Qxe2 18. Qxe2 Rxe2 19. fxg6 hxg6 20. h4
d6 21. h5 gxh5 22. Rxh5 Kf8 23. g6 f6 24. Rh8+ Ke7 25. Rh7 Rg2 26. Re1+ Kd7 27.
Rxg7+ Kc6 28. Rg8 b6 29. b3 Bb7 30. Rxa8 Bxa8 31. Re8 Bb7 32. Rg8 Ba6 33. g7
Be2 34. Kb2 Bd3 35. Kc3 Bh7 36. Rf8 Rxg7 37. Rxf6 Rg2 38. Rf4 Rxc2+ 39. Kb4
Rxa2 40. Rc4+ Kb7 41. Rh4 a5+ 42. Kc3 Rc2+ 43. Kd4 Bg8 44. Rh3 Rb2 45. Rh8 Bxb3
46. Kc3 Rb1 47. Rh2 a4 48. Rb2 Rxb2 49. Kxb2 Kc6 50. Kc3 Kc5 51. Kb2 Kc4 52.
Kb1 Kc3 53. Ka1 d5 54. Kb1 d4 55. Ka1 d3 56. Kb1 d2 57. Ka1 d1=R# 0-1

[Event "D-Klasse 2009 (D68-2)"]
[Site "Berlin-Weißensee"]
[Date "2009.05.22"]
[Round "4.4"]
[White "Friedrich, Robert"]
[Black "Denkert, Robert"]
[Result "0-1"]
[WhiteElo "1084"]
[BlackElo "1083"]
[PlyCount "66"]
[EventDate "2009.05.20"]

1. e4 e5 2. Bc4 Nf6 3. Nc3 Bc5 4. Nf3 Nc6 5. d3 d6 6. O-O Bg4 7. h3 Bh5 8. Be3
Bb6 9. Nd5 Nxd5 10. Bxd5 Nd4 11. Bxb7 (11. Bxd4 exd4 12. Bxb7 Rb8 13. Bc6+ Kf8)
11... Rb8 12. Bd5 Nxf3+ 13. gxf3 Bxe3 14. Bc6+ Ke7 15. fxe3 Rb6 16. Bd5 Kd7 17.
d4 Qg5+ 18. Kf2 Qh4+ 19. Ke2 Qxh3 20. dxe5 Qg2+ 21. Ke1 Qg3+ 22. Kd2 Qxe5 23.
b3 c6 24. Bc4 d5 25. exd5 cxd5 26. Ke2 Kc6 27. Bd3 d4 28. Qd2 Re8 29. Kd1 dxe3
30. Be4+ Kc7 31. Qc1 e2+ 32. Kxe2 Qxe4+ 33. Kd2 Qd4# 0-1

[Event "D-Klasse 2009 (D68-2)"]
[Site "Berlin-Weißensee"]
[Date "2009.05.23"]
[Round "5.2"]
[White "Kuschela, Michel"]
[Black "Kantusch, Tobias"]
[Result "1-0"]
[WhiteElo "1266"]
[BlackElo "863"]
[PlyCount "43"]
[EventDate "2009.05.20"]

1. e4 e5 2. Nf3 Nc6 3. d4 exd4 4. Nxd4 Bc5 5. Be3 Nf6 $2 (5... Qf6) 6. Nxc6 $18
bxc6 7. Bxc5 d6 8. Be3 Nxe4 9. Qe2 (9. Bd3) 9... Qf6 10. f3 $6 (10. c3) (10.
Nd2) (10. Qf3) 10... Qxb2 $16 11. Bf4 $2 (11. Bd4 Qxd4 12. Qxe4+ $16) 11... d5
$17 (11... Qxa1 12. Qxe4+ Kd8 13. Kf2 Qxb1 $19) 12. fxe4 O-O 13. c3 $2 (13. Nd2
Qxa1+ 14. Kf2 $17) 13... Qxa1 $19 14. Qc2 Re8 $6 $17 (14... Rb8 15. Bd3 Rb2 16.
Qd1 Rxg2 $19) 15. Be2 Rxe4 (15... Rb8 $142 $17) 16. O-O d4 $4 (16... Rxf4 17.
Rxf4 Rb8 $13) (16... Bf5 17. Bd3 Rxf4 18. Rxf4 Bxd3 19. Qxd3 Rb8 $13) 17. Qxe4
$18 g6 18. Qe8+ Kg7 19. Be5+ Kh6 20. Qf8+ Kg5 21. h4+ (21. Bf6#) 21... Kxh4 22.
Qh6# 1-0

[Event "D-Klasse 2009 (D68-2)"]
[Site "Berlin-Weißensee"]
[Date "2009.05.23"]
[Round "5.3"]
[White "Denkert, Robert"]
[Black "Fartmann, Oliver"]
[Result "0-1"]
[WhiteElo "1083"]
[BlackElo "1425"]
[PlyCount "136"]
[EventDate "2009.05.20"]

1. e4 c6 2. d4 d5 3. Nc3 dxe4 4. Nxe4 Bf5 5. Ng3 Bg6 6. Nf3 Nd7 7. Bf4 e6 8.
Bd3 Qa5+ 9. c3 Bxd3 10. Qxd3 Rd8 11. Qd1 Ngf6 12. Bd2 Be7 13. O-O O-O 14. Re1
Qc7 15. Nf5 Rfe8 16. Nxe7+ Rxe7 17. Bg5 h6 18. Bh4 Ree8 19. Ne5 c5 20. Qf3 cxd4
21. cxd4 Qb6 22. Nxd7 Rxd7 23. Bxf6 gxf6 24. Qxf6 Kh7 25. d5 Rde7 26. g3 exd5
27. Qf5+ Kg8 28. Rxe7 Rxe7 29. Qxd5 Re2 30. Qf3 Rxb2 31. Qg4+ Kh7 32. Qe4+ Qg6
33. Qxg6+ Kxg6 34. Kg2 a5 35. a3 Rb3 36. a4 Rb4 37. Ra3 f5 38. f4 h5 39. h3 Kf6
40. Kf3 Ke6 41. g4 fxg4+ 42. hxg4 hxg4+ 43. Kxg4 Kf6 44. Kg3 Kf5 45. Kf3 Rxf4+
46. Ke3 Rb4 47. Kd3 Ke5 48. Kc3 Kd5 49. Rb3 Rxb3+ 50. Kxb3 Kd4 51. Ka2 Kc4 52.
Ka3 Kc3 53. Ka2 Kb4 54. Kb2 Kxa4 55. Ka2 Kb4 56. Kb2 Kc4 57. Ka3 b5 58. Ka2 b4
59. Kb2 a4 60. Ka2 Kc3 61. Kb1 b3 62. Kc1 a3 63. Kb1 a2+ 64. Ka1 b2+ 65. Kxa2
Kc2 66. Ka3 b1=Q 67. Ka4 Qb6 68. Ka3 Qb3# 0-1

[Event "D-Klasse 2009 (D68-2)"]
[Site "Berlin-Weißensee"]
[Date "2009.05.23"]
[Round "5.4"]
[White "Ritter, Eberhard"]
[Black "Friedrich, Robert"]
[Result "1-0"]
[WhiteElo "1572"]
[BlackElo "1084"]
[PlyCount "75"]
[EventDate "2009.05.20"]

1. f4 d5 2. Nf3 Nc6 3. e3 Nf6 4. Bb5 Bd7 5. b3 e6 6. Bb2 a6 7. Bxc6 Bxc6 8. O-O
Bc5 9. Qe2 Bb5 10. d3 O-O 11. h3 Ne4 12. Qe1 Nd6 13. Nbd2 Nf5 14. Nd4 Nxd4 15.
Bxd4 Bd6 16. Qg3 f6 17. Nf3 c5 18. Bb2 c4 19. dxc4 dxc4 20. Rfd1 Qc7 21. Nd4
cxb3 22. cxb3 Rfe8 23. Nxb5 axb5 24. Bxf6 Rac8 25. Rxd6 Qf7 26. Be5 Re7 27.
Rad1 Rf8 28. Rb6 Qh5 29. Rdd6 Rc8 30. Rxb5 Qe2 31. Rb4 Rc1+ 32. Kh2 h6 33. Qg6
Rc8 34. Rbd4 Qb5 35. Rd8+ Rxd8 36. Rxd8+ Qe8 37. Rxe8+ Rxe8 38. Qxg7# 1-0

[Event "D-Klasse 2009 (D68-2)"]
[Site "Berlin-Weißensee"]
[Date "2009.05.23"]
[Round "6.2"]
[White "Petersen, Marcel"]
[Black "Denkert, Robert"]
[Result "1-0"]
[WhiteElo "937"]
[BlackElo "1083"]
[PlyCount "63"]
[EventDate "2009.05.20"]

1. e4 e5 2. Nf3 Nc6 3. Bc4 Nf6 4. Nc3 Nxe4 5. Nxe4 d5 6. Bxd5 Qxd5 7. Nc3 Qd8
8. d3 Bg4 9. Bg5 Be7 10. Be3 O-O 11. O-O Bb4 12. h3 Bh5 13. Re1 Nd4 14. g4 Bg6
15. Nxe5 Qd5 16. Nxd5 Bxe1 17. Bxd4 Ba5 18. Nxg6 hxg6 19. b4 Bb6 20. Bxb6 cxb6
21. Qf3 Kh8 22. Qg3 f6 23. Ne7 g5 24. h4 Rf7 25. Re1 Re8 26. Ng6+ Kh7 27. Rxe8
Kxg6 28. h5+ Kh7 29. d4 Rd7 30. Qd3+ f5 31. Qxf5+ g6 32. Qxg6# 1-0

[Event "D-Klasse 2009 (D68-2)"]
[Site "Berlin-Weißensee"]
[Date "2009.05.23"]
[Round "6.3"]
[White "Friedrich, Robert"]
[Black "Kuschela, Michel"]
[Result "0-1"]
[WhiteElo "1084"]
[BlackElo "1266"]
[PlyCount "88"]
[EventDate "2009.05.20"]

1. e4 e5 2. Bc4 Nf6 3. Nc3 Bb4 4. Nge2 Bxc3 5. Nxc3 O-O 6. d3 d6 7. O-O Be6 8.
Bb3 c6 9. Be3 d5 10. exd5 cxd5 11. d4 exd4 12. Bxd4 Nc6 13. Re1 Qd6 14. Bxf6
gxf6 15. Nxd5 Bxd5 16. Bxd5 Rad8 17. Qg4+ Kh8 18. Be4 Rg8 19. Qh5 Rg7 20. Rad1
Qc7 21. Rxd8+ Nxd8 22. Re3 Qd6 23. Rh3 Qf4 24. Re3 Ne6 25. g3 Qd6 26. Rd3 Qb4
27. Bf5 Qe1+ 28. Kg2 Nf4+ 29. Kf3 Nxh5 30. g4 Qa5 31. Be4 f5 32. Bxf5 Nf6 33.
a3 h5 34. h3 hxg4+ 35. hxg4 Qc7 36. Rc3 Qe5 37. Re3 Qd5+ 38. Kf4 Qd4+ 39. Kf3
Nd5 40. Re4 Qf6 41. Re1 Ne7 42. Rh1+ Kg8 43. Ke4 Nxf5 44. gxf5 Qc6+ 0-1

[Event "D-Klasse 2009 (D68-2)"]
[Site "Berlin-Weißensee"]
[Date "2009.05.23"]
[Round "6.4"]
[White "Fartmann, Oliver"]
[Black "Ritter, Eberhard"]
[Result "1/2-1/2"]
[WhiteElo "1425"]
[BlackElo "1572"]
[PlyCount "27"]
[EventDate "2009.05.20"]

1. d4 Nf6 2. c4 d5 3. cxd5 Qxd5 4. Nc3 Qd8 5. Nf3 h6 6. Bf4 e6 7. e3 Bb4 8.
Qa4+ Nc6 9. Bg3 a6 10. a3 Bd6 11. Bd3 Bd7 12. Qc2 O-O 13. O-O Bxg3 14. hxg3
1/2-1/2

[Event "D-Klasse 2009 (D68-2)"]
[Site "Berlin-Weißensee"]
[Date "2009.05.24"]
[Round "7.2"]
[White "Kantusch, Tobias"]
[Black "Friedrich, Robert"]
[Result "0-1"]
[WhiteElo "863"]
[BlackElo "1084"]
[PlyCount "110"]
[EventDate "2009.05.20"]

1. e4 e5 2. Nf3 Nc6 3. d4 exd4 4. Nxd4 Nxd4 5. Qxd4 d6 6. Bb5+ Bd7 7. Nc3 Nf6
8. e5 dxe5 9. Qxe5+ Qe7 10. Qxe7+ Bxe7 11. Bxd7+ Nxd7 12. Nd5 Bd6 13. b3 O-O-O
14. Be3 Rhe8 15. O-O c6 16. Nf4 Re4 17. g3 Nf6 18. c4 a6 19. a4 Ng4 20. Rfe1
Rde8 21. Rad1 Bb4 22. Re2 Nxe3 23. fxe3 Rxe3 24. Rxe3 Rxe3 25. Kf2 Rxb3 26. Nd3
Kc7 27. c5 b5 28. Nxb4 Rxb4 29. axb5 cxb5 30. Rd6 a5 31. Ra6 a4 32. Ra7+ Kc6
33. Ke2 Rb3 34. Kd2 Kxc5 35. Rxf7 Rb2+ 36. Kc3 Rxh2 37. Rf5+ Kb6 38. Kb4 Rb2+
39. Ka3 Rb3+ 40. Ka2 Rxg3 41. Re5 Rc3 42. Rg5 g6 43. Re5 h5 44. Rg5 h4 45.
Rxg6+ Rc6 46. Rg2 h3 47. Rh2 Rc3 48. Kb2 b4 49. Kb1 a3 50. Ka2 Kb5 51. Ka1 Ka4
52. Ka2 b3+ 53. Kb1 Kb4 54. Rg2 hxg2 55. Ka1 Rc1# 0-1

[Event "D-Klasse 2009 (D68-2)"]
[Site "Berlin-Weißensee"]
[Date "2009.05.24"]
[Round "7.3"]
[White "Ritter, Eberhard"]
[Black "Petersen, Marcel"]
[Result "1-0"]
[WhiteElo "1572"]
[BlackElo "937"]
[PlyCount "61"]
[EventDate "2009.05.20"]

1. f4 d5 2. Nf3 Bf5 3. e3 Nc6 4. Bb5 Nf6 5. b3 e6 6. Bb2 Ne4 7. O-O Bc5 8.
Bxc6+ bxc6 9. Qe2 Rg8 10. d3 Nf6 11. Nbd2 Bg4 12. h3 Bh5 13. Kh2 g5 14. g4 Bg6
15. Nxg5 h6 16. Ngf3 Rb8 17. Ne5 Qd6 18. Ndf3 h5 19. Nxc6 Qxc6 20. Bxf6 hxg4
21. Ne5 Qb6 22. Nxg4 Bh5 23. d4 Bb4 24. Be5 f5 25. Nf6+ Ke7 26. Qxh5 Qc6 27.
Qh7+ Kd8 28. Qxg8+ Ke7 29. Qxb8 Qxc2+ 30. Kh1 Ba5 31. Qe8# 1-0

[Event "D-Klasse 2009 (D68-2)"]
[Site "Berlin-Weißensee"]
[Date "2009.05.24"]
[Round "7.4"]
[White "Kuschela, Michel"]
[Black "Fartmann, Oliver"]
[Result "0-1"]
[WhiteElo "1266"]
[BlackElo "1425"]
[PlyCount "116"]
[EventDate "2009.05.20"]

1. e4 c6 2. d4 d5 3. exd5 cxd5 4. Nf3 Nf6 5. c4 e6 6. cxd5 Nxd5 7. Nc3 Nc6 8.
g3 Nxc3 9. bxc3 Bd6 10. Bg2 Qc7 11. O-O O-O 12. c4 b6 13. Bb2 Bb7 14. d5 exd5
15. cxd5 Ne7 16. Rc1 Qd7 17. Qd4 f6 18. Ne1 Be5 19. Qc4 Bxd5 20. Bxd5+ Qxd5 21.
Bxe5 Qxc4 22. Rxc4 fxe5 23. Nd3 Ng6 24. Re1 Rae8 25. Rce4 Rf7 26. Nxe5 Rfe7 27.
f4 Nxe5 28. Rxe5 Rxe5 29. fxe5 Kf7 30. Kf2 Kg6 31. g4 Kf7 32. h4 g6 33. g5 Ke6
34. Rc1 Re7 35. Kf3 Kf5 36. Kg3 Kxe5 37. Kg4 Kd6 38. Rf1 Re4+ 39. Kg3 b5 40.
Rf7 Re7 41. Rf6+ Ke5 42. Kg4 a5 43. Rf4 a4 44. h5 Kd5 45. hxg6 hxg6 46. Rf6 Re6
47. Rf7 Kc5 48. Kg3 Rb6 49. Kf4 b4 50. Ra7 Kb5 51. Ke4 b3 52. axb3 axb3 53. Ra1
b2 54. Rb1 Kc4 55. Ke5 Kc3 56. Rf1 b1=Q 57. Rxb1 Rxb1 58. Kf6 Rb6+ 0-1